Famous City Centers - Statistics

General Stats
  • This quiz has been taken 29 times
  • The average score is 13 of 20
Answer Stats
City Center City % Correct
Times Square New York City
100%
Arc de Triumph Paris
96%
Piccadilly Circus London
93%
Red Square Moscow
89%
Zócalo/Chapultepec Mexico City
85%
Tianamen Square Beijing
81%
Hagia Sofia Istanbul
78%
Shibuya Crossing Tokyo
78%
Puerta Del Sol Madrid
74%
The French Quarter/Bourbon Street New Orleans
67%
Plaza de Mayo Buenos Aires
59%
Piazza del Duomo Florence
56%
Ocean Drive Miami
56%
Parça da Sé Sao Paulo
52%
Plaza de Bolívar Bogota
48%
Tahir Square Cairo
41%
The Loop Chicago
41%
Royal Mile Edinburgh
30%
Freedom Square Boston
26%
Pioneer Square Seattle
19%
No matching quizzes found
Score Distribution
Percent of People with Each Score
Percentile by Number Answered
Your Score History
You have not taken this quiz